000 01597nam a22003137a 4500
999 _c21767
_d21767
003 AR-CdUCM
008 190425b ||||| |||| 00| 0 spa d
040 _aMUNICIPALIDAD PROVINCIAL DEL CUSCO
_cBIBLIOTECA MUNICIPAL DEL CUSCO
082 _aRev.Univ/N°113/1957
110 _aUniversidad Nacional de San Antonio Abad del Cusco
_915942
245 _aRevista Universitaria :
_bÓrgano de la Universidad del Cuzco /
260 _aCusco :
_bH.G. Rozas,
_c1957.
300 _a407 páginas. :
_c20 cm.
440 _aRevista Universitaria
_nAño XLVI, 2° semestre 1957, N°113.
_946016
500 _aIncluye índice
505 _aContenido: Comunidades vegetales de Abancay y sus alrededores. Cesar Vargas. -- Las lluvias en el valle del Cuzco. Luis Olaso. -- Relaciones de trabajo entre el patrón y los colonos en los fundos de la provincia de Paucartambo. Gustavo Palacio. -- Valoración del arte cuzqueño. Domingo Velasco. -- Una planta que se ´propaga por estacas del fruto. Felipe Marín. -- Apuntes para la historia de os monumentos coloniales del Cuzco. Jesús Manuel Covarrubias.
650 _aArte popular
_99558
650 _aArte cusqueño
_913165
650 _aLatifundismo Paucartambo
_946013
650 _aMonumentos del Cusco
_946017
650 _aArquitectura colonial
_928957
650 _aTemplos coloniales
_945765
700 _aVelasco Astete, Domingo
_931407
700 _aMarín Moreno, Felipe
_946018
700 _aCovarrubias Pozo, Jesús Manuel
_926295
710 _aUniversidad Nacional de San Antonio Abad del Cusco
_915942
942 _2ddc
_cPP
945 _arac